観光資源台帳に記載の集落・街 - Statistics

General Stats
  • This quiz has been taken 17 times
  • The average score is 31 of 155
Answer Stats
都道府県 自治体 観光資源名 % Correct
東京都 台東区 浅草
64%
埼玉県 川越市 川越蔵造りの町並み
57%
秋田県 仙北市 角館武家屋敷
50%
千葉県 香取市 佐原の町並み
50%
東京都 中央区 銀座通り
50%
東京都 新宿区 新宿
50%
東京都 台東区 秋葉原
50%
東京都 豊島区 池袋
50%
岐阜県 高山市 高山三町の町並み
50%
岐阜県 郡上市 水とおどりの城下町郡上八幡
50%
岐阜県 白川村 白川郷合掌造り集落
50%
東京都 文京区 台東区 谷根千(谷中・根津・千駄木)
43%
東京都 渋谷区 原宿
43%
東京都 渋谷区 渋谷
43%
長野県 南木曽町 妻籠宿
43%
岐阜県 中津川市 馬籠宿
43%
岐阜県 飛騨市 飛騨古川の瀬戸川と白壁土蔵街
43%
京都府 京都市 祇園
43%
北海道 小樽市 小樽の運河と石造り倉庫群
36%
青森県 弘前市 弘前の洋館群
36%
福島県 下郷町 大内宿
36%
東京都 豊島区 巣鴨地蔵通り商店街
36%
富山県 南砺市 五箇山の合掌造り集落
36%
石川県 金沢市 ひがし茶屋街
36%
長野県 塩尻市 奈良井宿
36%
滋賀県 近江八幡市 近江八幡の町並み
36%
兵庫県 豊岡市 出石の街並み
36%
佐賀県 鹿島市 浜庄津町浜金屋町の町並み
36%
佐賀県 鹿島市 浜中町八本木宿の町並み
36%
大分県 中津市 中津武家屋敷
36%
北海道 札幌市 すすきの
29%
東京都 千代田区 丸の内
29%
東京都 港区 六本木
29%
神奈川県 横浜市 みなとみらい
29%
福井県 大野市 越前大野湧水のまち
29%
岐阜県 羽島市 海津市 木曽三川の輪中集落
29%
愛知県 愛西市 弥富市 木曽三川の輪中集落
29%
三重県 桑名市 木曽三川の輪中集落
29%
三重県 亀山市 関宿
29%
滋賀県 彦根市 彦根の街並み
29%
京都府 京都市 嵯峨鳥居本の街並み
29%
大阪府 大阪市 梅田の地下街
29%
島根県 津和野町 津和野の町並み
29%
岡山県 高梁市 高梁の街並み
29%
広島県 竹原市 竹原の街並み
29%
山口県 萩市 萩の城下町
29%
徳島県 美馬市 脇町南町のうだつの町並み
29%
福岡県 八女市 八女福島の街並み
29%
大分県 杵築市 杵築武家屋敷群
29%
北海道 函館市 函館市元町末広町の街並み
21%
岩手県 金ケ崎町 金ケ崎町城内諏訪小路
21%
福島県 喜多方市 喜多方蔵のまち並み
21%
茨城県 桜川市 真壁の街並み
21%
東京都 千代田区 神田古書店街
21%
東京都 新宿区 新大久保
21%
東京都 台東区 アメ横商店街
21%
石川県 金沢市 近江町市場
21%
石川県 金沢市 主計町茶屋街
21%
石川県 輪島市 珠洲市 穴水町 能登町 奥能登の黒瓦の集落群
21%
福井県 若狭町 熊川宿
21%
岐阜県 美濃市 美濃町の町並み
21%
岐阜県 恵那市 恵那市岩村町本通りの町並み
21%
京都府 京都市 錦市場商店街
21%
京都府 京都市 伏見の街並み
21%
京都府 伊根町 伊根の舟屋群
21%
大阪府 大阪市 新世界
21%
大阪府 大阪市 道頓堀界隈(道頓堀、千日前、法善寺横丁)
21%
岡山県 倉敷市 倉敷川畔の街並み
21%
広島県 尾道市 尾道山手地区の街並み
21%
香川県 琴平町 琴平門前町
21%
愛媛県 西予市 卯之町の町並み
21%
福岡県 うきは市 筑後吉井の町並み
21%
宮崎県 日南市 飫肥城下町の町並み
21%
鹿児島県 南九州市 知覧武家屋敷庭園
21%
宮城県 登米市 登米町の歴史的建造物群
14%
宮城県 村田町 村田の町並み
14%
秋田県 横手市 増田町の内蔵と町並み
14%
福島県 会津若松市 七日町通り
14%
栃木県 栃木市 栃木市の町並み
14%
千葉県 大多喜町 大多喜の町並み
14%
東京都 渋谷区 代官山
14%
石川県 金沢市 にし茶屋街
14%
石川県 加賀市 橋立町の船板住宅群
14%
長野県 東御市 海野宿
14%
長野県 小布施町 小布施の町並み
14%
静岡県 松崎町 松崎町のなまこ壁と鏝絵
14%
愛知県 名古屋市 有松のまち
14%
滋賀県 大津市 坂本門前町の街並み
14%
京都府 京都市 上賀茂の街並み
14%
京都府 南丹市 美山かやぶきの里
14%
京都府 与謝野町 丹後ちりめん街道
14%
大阪府 富田林市 富田林の街並み
14%
兵庫県 神戸市 神戸北野異人館群
14%
兵庫県 神戸市 神戸市北野町山本通の街並み
14%
奈良県 奈良市 「ならまち」の街並み
14%
奈良県 大和郡山市 大和郡山の街並み
14%
奈良県 宇陀市 宇陀市松山の町並み
14%
島根県 大田市 大森の町並み
14%
広島県 府中市 上下白壁の街並み
14%
愛媛県 内子町 内子の町並み
14%
福岡県 北九州市 門司港周辺建造物群
14%
福岡県 八女市 黒木の街並み
14%
福岡県 朝倉市 秋月城下町
14%
大分県 日田市 豆田町の町並み
14%
宮崎県 日向市 美々津の町並み
14%
鹿児島県 出水市 出水麓の町並み
14%
沖縄県 渡名喜村 渡名喜島の町並み
14%
沖縄県 竹富町 竹富島の赤瓦屋根の民家群
14%
山形県 鶴岡市 羽黒山宿坊
7%
群馬県 甘楽町 小幡の町並み
7%
東京都 台東区 かっぱ橋道具街
7%
新潟県 南魚沼市 塩沢の街並み
7%
富山県 高岡市 高岡市金屋町の町並み
7%
富山県 高岡市 高岡市山町筋の街並み
7%
石川県 金沢市 金沢の武家屋敷
7%
石川県 加賀市 加賀東谷の町並み
7%
山梨県 早川町 赤沢宿
7%
滋賀県 長浜市 黒壁スクエア
7%
滋賀県 東近江市 東近江市五個荘金堂の町並み
7%
京都府 京都市 先斗町の街並み
7%
京都府 京都市 産寧坂の街並み
7%
大阪府 大阪市 鶴橋・生野のコリアタウン
7%
大阪府 大阪市 御堂筋
7%
大阪府 大阪市 天神橋筋商店街
7%
兵庫県 姫路市 家島の街並み
7%
兵庫県 丹波篠山市 福住の街並み
7%
奈良県 橿原市 今井町の街並み
7%
鳥取県 境港市 水木しげるロード
7%
岡山県 岡山市 吉備津の門前町
7%
岡山県 高梁市 吹屋の町並み
7%
広島県 呉市 御手洗の街並み
7%
広島県 福山市 鞆の浦
7%
山口県 下関市 長府の町並み
7%
山口県 柳井市 柳井市古市・金屋の町並み
7%
高知県 室戸市 吉良川町の街並み
7%
佐賀県 嬉野市 塩田津の町並み
7%
長崎県 平戸市 大島村神浦の街並み
7%
鹿児島県 薩摩川内市 入来麓武家屋敷群
7%
沖縄県 那覇市 国際通り
7%
東京都 檜原村 数馬の民家
0%
神奈川県 横浜市 横浜山手西洋館
0%
新潟県 佐渡市 宿根木集落
0%
石川県 金沢市 卯辰山山麓寺院群
0%
三重県 伊勢市 伊勢河崎のまちなみ
0%
三重県 松阪市 御城番屋敷
0%
滋賀県 高島市 針江の生水
0%
奈良県 五條市 五條市五條新町の町並み
0%
岡山県 津山市 津山市城東町並み
0%
岡山県 笠岡市 真鍋島の街並み
0%
徳島県 阿南市 椿泊漁村景観
0%
香川県 高松市 男木島の町並み
0%
愛媛県 愛南町 外泊「石垣の里」
0%
高知県 安芸市 安芸市土居廓中の町並み
0%
福岡県 うきは市 新川田篭の町並み
0%
長崎県 長崎市 旧外国人居留地の洋風建築群
0%
No matching quizzes found
Score Distribution
Percent of People with Each Score
Percentile by Number Answered
Your Score History
You have not taken this quiz